Información jurídica básica para el estudio histórico de las competencias municipales en Costa Rica, 1814-1970 (versión preliminar) /
Gardado en:
| Autor Principal: | |
|---|---|
| Outros autores: | |
| Formato: | Texto |
| Publicado: |
San José:
UCR. IIS
|
| Etiquetas: |
Engadir etiqueta
Sen Etiquetas, Sexa o primeiro en etiquetar este rexistro!
|
MARC
| LEADER | 00000 a a2200000 04500 | ||
|---|---|---|---|
| 001 | 13936 | ||
| 003 | |||
| 040 | |||
| 090 | |a 024100 | ||
| 100 | |a Roldán González, Hugo | ||
| 245 | |a Información jurídica básica para el estudio histórico de las competencias municipales en Costa Rica, 1814-1970 (versión preliminar) / |c Hugo Roldán González | ||
| 260 | |a San José: |b UCR. IIS | ||
| 300 | |a 130 p. | ||
| 700 | |a Baldizón, Grettel | ||
| 999 | |c 2311 |d 2311 | ||
